Т. 66 (LXVI) : Формирование химического состава природных вод и методы их анализа; Гидрохимические материалы

Dades bibliogràfiques
Parent link:Гидрохимические материалы: [сборник]/ Академия наук СССР (АН СССР), Гидрохимический институт. Т. 66 (LXVI) : Формирование химического состава природных вод и методы их анализа.— , 1915-1992
Altres autors: Кривенцов М. И. (редактор)
Idioma:rus
Publicat: Ленинград, Гидрометеоиздат, 1977
Matèries:
Format: MixedMaterials Llibre
KOHA link:https://koha.lib.tpu.ru/cgi-bin/koha/opac-detail.pl?biblionumber=325897

MARC

LEADER 00000nam2a2200000 4500
001 325897
005 20231102003815.0
035 |a (RuTPU)RU\TPU\book\351513 
035 |a RU\TPU\book\351498 
090 |a 325897 
100 |a 20161214d1977 k y0rusy50 ca 
101 0 |a rus 
102 |a RU 
105 |a a z 001zy 
200 0 |a Т. 66 (LXVI) : Формирование химического состава природных вод и методы их анализа  |f под ред. М. И. Кривенцова 
210 |a Ленинград  |c Гидрометеоиздат  |d 1977 
215 |a 121 с.  |c ил. 
320 |a Библиогр. в конце ст. 
461 1 |0 (RuTPU)RU\TPU\book\210718  |t Гидрохимические материалы  |o [сборник]  |f Академия наук СССР (АН СССР), Гидрохимический институт  |v Т. 66 (LXVI) : Формирование химического состава природных вод и методы их анализа  |d 1915-1992 
606 1 |a Гидрохимические материалы  |2 stltpush  |3 (RuTPU)RU\TPU\subj\7087  |9 34818 
610 1 |a водохранилища 
610 1 |a речные воды 
610 1 |a гидрохимический режим 
610 1 |a цветность 
610 1 |a картирование 
610 1 |a химический состав 
675 |a 556.114  |v 3 
702 1 |a Кривенцов  |b М. И.  |4 340 
801 1 |a RU  |b 63413507  |c 20080702  |g PSBO 
801 2 |a RU  |b 63413507  |c 20170120  |g PSBO 
942 |c BK